[Event "SVK-ch op 18th corr"]
[Site "Slovakia"]
[Date "2005.??.??"]
[Round "?"]
[White "Klein, Jozef Sr"]
[Black "Plancar, Lubomir"]
[Result "0-1"]
[WhiteElo "1703"]
[BlackElo "1700"]
[PlyCount "30"]
[EventDate "2005.11.15"]
[EventType "tourn (corr)"]
[EventRounds "6"]
[EventCountry "SVK"]
[SourceTitle "Corr 2008"]
[Source "ChessBase"]
[SourceDate "2008.06.24"]
[SourceVersion "1"]
[SourceVersionDate "2008.06.24"]
[SourceQuality "1"]

1. e4 c5 2. d3 Nc6 3. c3 d5 4. Be2 Nf6 5. exd5 Qxd5 6. Bf3 Qd6 7. Bxc6+ Qxc6 8. Nf3 Bg4 9. Be3 Rd8 10. d4 cxd4 11. Bxd4 Nh5 12. Nbd2 Nf4 13. 0-0 Bh3 14. gxh3 Qg6+ 15. Kh1 Qg2# 0-1